| 000 | 00554nam a2200193 i 4500 | ||
|---|---|---|---|
| 001 | 8716 | ||
| 003 | ES-MaACL | ||
| 005 | 20230906145520.0 | ||
| 007 | t| | ||
| 008 | 920825s1989 sp ||||1| spa d | ||
| 020 | _a84-7039-545-9 | ||
| 080 | _a86-14"19" | ||
| 080 | _a86(Moxó Ruano,A.7 E.01) | ||
| 100 | 1 |
_aMoxó Ruano, Antonio. _983945 |
|
| 245 | 1 | 0 |
_aElegías y otros poemas / _cAntonio Moxó Ruano. |
| 260 |
_aMadrid : _bCastalia, _cD.L. 1989. |
||
| 300 |
_a169 p. ; _c21 cm. |
||
| 852 |
_aES-MaACL _jL-16181 _bR.117470 _q. - Ded. autógr. del autor |
||
| 999 |
_c8716 _d8716 |
||